000 00905nam a2200253 4500
001 118538
003 ES-MaACL
005 20230906191123.0
007 t|
008 070214s1981 sp r ||||1| spa d
020 _a84-259-0644-X
080 _a347.988(46-43)
100 1 _aParejo Alfonso, Luciano.
_989071
245 1 3 _aLa prevalencia del derecho estatal sobre el regional :
_b(el artículo 149.3 de la Constitución) /
_cLuciano Parejo Alfonso.
260 _aMadrid :
_bCentro de Estudios Constitucionales,
_c1981.
300 _a120 p. ;
_c21 cm.
490 1 _aEstudios constitucionales
610 1 4 _aEspaña.
_tConstitución, 1978.
_93657
650 4 _aConflictos de jurisdicción y competencia-
_zEspaña.
_911272
710 2 _aCentro de Estudios Constitucionales (España)
_92618
830 1 _aEstudios constitucionales
_9180617
852 4 _aES-MaACL
_jL-1858
999 _c118538
_d118538